Komplett mérleg Vásár után /

Elmentve itt :
Bibliográfiai részletek
Szerző: Ladányi Zsuzsa
Dokumentumtípus: Cikk
Megjelent: 1980-08-28
Sorozat:Délmagyarország 70 No. 201
Kulcsszavak:kereskedelmi vállalatok
Online Access:http://dmarchiv.bibl.u-szeged.hu/108570
LEADER 00467nab a2200157 i 4500
001 delm108570
005 20190531104659.0
008 190531s1980 hu o 0|| hun d
040 |a SZTE Délmagyarország Archívum  |b hun 
041 |a hun 
100 1 |a Ladányi Zsuzsa 
245 1 0 |a Komplett mérleg   |h [elektronikus dokumentum] :  |b Vásár után /  |c  Ladányi Zsuzsa 
260 |c 1980-08-28 
300 |a 5 
490 0 |a Délmagyarország  |v 70 No. 201 
695 |a kereskedelmi vállalatok